[Event "AUTO-ELITE-2499"]
[Site "http://www.queenalice.com/game.php?id=1823150"]
[Date "2023.10.17"]
[Round "1"]
[White "trompmaster"]
[Black "JUNIOR2"]
[Result "0-1"]
[WhiteElo "2433"]
[BlackElo "2317"]

1. Nf3 Nf6 2. c4 g6 3. b3 Bg7 4. Bb2 O-O 5. e3 c5 6. Be2 d5 7. cxd5 Qxd5 8. Nc3
Qf5 9. d3 Nc6 10. O-O b6 11. a3 Rd8 12. Qc2 Bb7 13. Rad1 e5 14. h3 Qe6 15. Ng5
Qe7 16. Nge4 Ne8 17. Nb5 Rac8 18. a4 Nb4 19. Qb1 Bd5 20. Nd2 Qb7 21. e4 Be6 22.
Na3 a6 23. Nac4 Nc6 24. Nf3 f6 25. Bc3 Bf8 26. Rc1 Rb8 27. Bd2 Bf7 28. Rfe1 Nc7
29. a5 b5 30. Ne3 Kg7 31. Qb2 Ne6 32. b4 Nxb4 33. Ng4 Nxd3 34. Bxd3 Rxd3 35.
Bh6+ Kh8 36. Bxf8 Rxf8 37. Nfxe5 fxe5 38. Nxe5 Rd4 39. Rxc5 Kg8 40. Ng4 Rfd8 41.
Nf6+ Kf8 42. Nd5 Rc8 43. Rxc8+ Qxc8 44. Qa3+ Qc5 45. Qg3 Ng7 46. h4 Ne8 47. Qe5
Rd2 48. Qf4 Rd3 49. h5 Qd6 50. Qh6+ Kg8 51. hxg6 hxg6 52. f4 Bxd5 53. exd5 Ng7
54. Qg5 Rxd5 55. Qg4 Qc5+ 56. Kf1 Rh5 57. Ke2 Qc2+ 58. Kf3 Rf5 59. Re2 Qd3+ 60.
Kf2 Qd4+ 0-1

[Event "AUTO-ELITE-2499"]
[Site "http://www.queenalice.com/game.php?id=1823151"]
[Date "2023.10.17"]
[Round "1"]
[White "JUNIOR2"]
[Black "trompmaster"]
[Result "1-0"]
[WhiteElo "2301"]
[BlackElo "2444"]

1. e4 d6 2. d4 Nf6 3. Nc3 e5 4. Nf3 Nbd7 5. a4 a5 6. Bc4 Be7 7. Ng5 O-O 8. Bxf7+
Rxf7 9. Ne6 Qe8 10. Nxc7 Qd8 11. Nxa8 b6 12. Nb5 Ne8 13. dxe5 Nxe5 14. Be3 Nc4
15. Bd4 Be6 16. Nxb6 Nxb6 17. O-O Bc4 18. Re1 Nxa4 19. Na7 Nc5 20. Qd2 Bg5 21.
Qc3 Ba6 22. Nc6 Qc7 23. Nxa5 Ne6 24. e5 d5 25. Nb3 Bb5 26. Ra8 Bd8 27. Qxc7
N8xc7 28. Rb8 Bc4 29. Na5 Na6 30. Rc8 Bb5 31. Bb6 Rf8 32. Bxd8 Bd7 33. Ra8 Nac7
34. Rb8 Rxd8 35. Rxd8+ Nxd8 36. Rd1 g5 37. c4 Nc6 38. Nxc6 Bxc6 39. b4 dxc4 40.
Rd8+ Ne8 41. Rc8 Bd7 42. Rxc4 Kf7 43. Rc5 Ng7 44. b5 Ne6 45. Rd5 Ke7 46. b6 Bc8
47. f3 Ba6 48. Rd6 h5 49. g3 h4 50. gxh4 gxh4 51. Kf2 Bb7 52. Ke3 Ng7 53. Rg6
Kf8 54. Kf4 Kf7 55. Rf6+ Ke7 56. Rh6 Bd5 57. Rxh4 Kf7 58. Rh6 Ne8 59. Kg4 Kg7
60. Rh5 Kf7 61. Rh8 1-0

[Event "AUTO-ELITE-2499"]
[Site "http://www.queenalice.com/game.php?id=1823154"]
[Date "2023.10.17"]
[Round "1"]
[White "josekasparov"]
[Black "JUNIOR2"]
[Result "1/2-1/2"]
[WhiteElo "2551"]
[BlackElo "2293"]

1. e4 e6 2. d4 d5 3. Nc3 Bb4 4. Ne2 dxe4 5. a3 Bxc3+ 6. Nxc3 Nc6 7. Bb5 Ne7 8.
Nxe4 O-O 9. c3 e5 10. Be3 Bf5 11. Ng3 exd4 12. cxd4 Qd5 13. Bxc6 Qxc6 14. Nxf5
Nxf5 15. O-O Qd7 16. Qg4 Rfe8 17. Rfe1 Qb5 18. Qf3 Nxe3 19. fxe3 Rad8 20. b4 c6
21. Rad1 Qb6 22. Qf5 Rd5 23. Qd3 a5 24. Qc4 axb4 25. axb4 Re4 1/2-1/2

[Event "AUTO-ELITE-2499"]
[Site "http://www.queenalice.com/game.php?id=1823155"]
[Date "2023.10.17"]
[Round "1"]
[White "JUNIOR2"]
[Black "josekasparov"]
[Result "1-0"]
[WhiteElo "2332"]
[BlackElo "2550"]

1. d4 Nf6 2. c4 g6 3. Nc3 d5 4. cxd5 Nxd5 5. e4 Nxc3 6. bxc3 c5 7. Bb5+ Bd7 8.
Be2 Bg7 9. Nf3 cxd4 10. cxd4 Nc6 11. Rb1 O-O 12. O-O b6 13. h3 Qc7 14. Bg5 Rfe8
15. Qd2 e5 16. d5 Nd4 17. Nxd4 exd4 18. Bd3 Qc3 19. Qe2 Qc5 20. Bd2 f5 21. Bb4
Qc7 22. d6 Qb7 23. Rbc1 Rad8 24. Rc7 Qb8 25. Qf3 fxe4 26. Bxe4 Kh8 27. Rfc1 Rf8
28. Qg3 Rc8 29. Re1 Rcd8 30. Bd3 1-0

[Event "AUTO-ELITE-2499"]
[Site "http://www.queenalice.com/game.php?id=1828131"]
[Date "2023.12.29"]
[Round "2"]
[White "ClivetheBeard"]
[Black "JUNIOR2"]
[Result "1-0"]
[WhiteElo "2721"]
[BlackElo "2350"]

1. e4 e5 2. Bc4 Nf6 3. Qe2 Bc5 4. Nf3 O-O 5. O-O c6 6. d3 d5 7. Bb3 h6 8. c4
dxe4 9. dxe4 Bg4 10. h3 Bh5 11. Bc2 Nbd7 12. Rd1 a5 13. Nbd2 Re8 14. Nf1 Qc7 15.
Ng3 Nf8 16. Nxh5 1-0

[Event "AUTO-ELITE-2499"]
[Site "http://www.queenalice.com/game.php?id=1828132"]
[Date "2023.12.29"]
[Round "2"]
[White "JUNIOR2"]
[Black "ClivetheBeard"]
[Result "0-1"]
[WhiteElo "2351"]
[BlackElo "2720"]

1. d4 e6 2. c4 Nf6 3. Nf3 Bb4+ 4. Nbd2 a5 5. a3 Be7 6. e4 d5 7. e5 Nfd7 8. Bd3
c5 9. O-O O-O 10. Re1 Nc6 11. Bc2 Qb6 12. dxc5 Nxc5 13. h4 Rd8 14. Ng5 Bxg5 15.
Qh5 Bh6 16. Nf3 Bxc1 0-1

[Event "AUTO-ELITE-2612"]
[Site "http://www.queenalice.com/game.php?id=1870061"]
[Date "2026.3.3"]
[Round "1"]
[White "Sexxy_Bunny"]
[Black "JUNIOR2"]
[Result "1/2-1/2"]
[WhiteElo "2684"]
[BlackElo "2349"]

1. e4 g6 2. d4 Bg7 3. Nc3 d6 4. Be3 Nf6 5. Qd2 a6 6. Nf3 O-O 7. Bh6 c5 8. Bxg7
Kxg7 9. O-O-O Nc6 10. dxc5 dxc5 11. Qf4 Qa5 12. e5 Ng4 13. Bc4 Bf5 14. Rhe1 Rac8
15. Nh4 Nh6 16. Nxf5+ Nxf5 17. Bd5 Rcd8 18. Bxc6 bxc6 19. Qa4 Qb6 20. Qb3 Qb4
21. Qxb4 cxb4 22. Na4 Rd5 23. c4 bxc3 24. Nxc3 Rxd1+ 25. Rxd1 Nh4 26. Rd7 Re8
27. Ra7 Nxg2 28. Rxa6 Ne1 29. Rxc6 Nf3 30. a4 h5 31. Rc4 Nxh2 32. a5 Nf3 33. b4
Nxe5 34. Re4 Nc6 35. Rc4 Ne5 36. Re4 Nc6 37. Rc4 Ne5 1/2-1/2

[Event "AUTO-ELITE-2612"]
[Site "http://www.queenalice.com/game.php?id=1870062"]
[Date "2026.3.3"]
[Round "1"]
[White "JUNIOR2"]
[Black "Sexxy_Bunny"]
[Result "1/2-1/2"]
[WhiteElo "2379"]
[BlackElo "2667"]

1. e4 c5 2. Nf3 d6 3. d4 cxd4 4. Nxd4 Nf6 5. Nc3 a6 6. Bg5 e6 7. f4 Qb6 8. Qd2
Qxb2 9. Rb1 Qa3 10. e5 dxe5 11. fxe5 Nfd7 12. Ne4 h6 13. Bh4 Qxa2 14. Rd1 Qd5
15. Qe3 Qxe5 16. Be2 Bc5 17. Bg3 Qd5 18. c4 Bxd4 19. Rxd4 Qa5+ 20. Rd2 O-O 21.
Bd6 f5 22. Bxf8 Nxf8 23. Nd6 Nbd7 24. g4 fxg4 25. Bxg4 Qa1+ 26. Bd1 Qe5 27. Kf2
a5 28. Qxe5 Nxe5 29. Re1 Ned7 30. Ke3 b6 31. Rg1 Ba6 32. Rdg2 g5 33. h4 Nh7 34.
Bg4 Nc5 35. Rb2 Rb8 36. Bh5 Kg7 37. Rf2 Nf6 38. hxg5 Nxh5 39. gxh6+ Kh7 40. Nf7
Rb7 41. Ne5 Re7 42. Ng6 Rd7 43. Nf8+ Kh8 44. Nxd7 Nxd7 45. Kd3 e5 46. Rf7 Nc5+
47. Ke3 Bxc4 48. Rf5 Nf4 49. Rxe5 Nfe6 50. Rf5 Kh7 51. Rf7+ Kxh6 52. Rf6+ Kh7
53. Rfg6 Be2 54. R6g3 Bh5 55. Rh1 Kh6 56. Rg8 Ng7 57. Rg1 Bg6 58. Rh8+ Bh7 59.
Kd4 a4 60. Rh1+ Nh5 61. Kd5 Kg6 62. Rxh5 Kxh5 63. Rxh7+ Kg5 64. Rf7 Kg4 65. Rf8
Nb3 66. Kc4 Nc5 67. Rf7 Kg3 68. Kb4 Kg4 69. Rf6 Ne4 70. Rf8 Nc5 71. Rf1 Kg5 72.
Kb5 a3 73. Kxb6 Ne4 74. Kb5 a2 75. Ra1 Nc3+ 76. Kc4 Ne4 77. Rxa2 1/2-1/2

[Event "AUTO-ELITE-2612"]
[Site "http://www.queenalice.com/game.php?id=1870065"]
[Date "2026.3.3"]
[Round "1"]
[White "Cerberus"]
[Black "JUNIOR2"]
[Result "1/2-1/2"]
[WhiteElo "2712"]
[BlackElo "2396"]

1. e4 g6 2. d4 Bg7 3. Nf3 d6 4. Bc4 Nf6 5. Qe2 Nc6 6. e5 dxe5 7. dxe5 Ng4 8. e6
Bxe6 9. Bxe6 fxe6 10. Ng5 Nd4 11. Qxg4 Nxc2+ 12. Ke2 O-O 13. Rd1 Qe8 14. Nc3
Nxa1 15. Qxe6+ Kh8 16. Qh3 h6 17. Ne6 Qf7 18. Ne4 Kg8 19. b3 a5 20. Nxf8 Qxf8
21. Nc5 Nc2 22. Ne6 Qf6 23. Nxg7 Rf8 24. f3 Nd4+ 25. Kf2 Qxg7 26. Qd7 c5 27.
Qd5+ Qf7 28. Qxb7 g5 29. Qe4 Qf5 30. Qxf5 Rxf5 31. Bb2 Kf7 32. Ke3 Re5+ 33. Kd3
Ke6 34. Bc3 Kd5 35. Bxa5 Re2 36. Rd2 Re1 37. Rb2 Rf1 38. h3 h5 39. Bd2 g4 40.
hxg4 hxg4 41. fxg4 e5 42. Be3 Rd1+ 43. Rd2 Re1 44. Rf2 e4+ 45. Kd2 Ra1 46. Kc3
Re1 1/2-1/2

[Event "AUTO-ELITE-2612"]
[Site "http://www.queenalice.com/game.php?id=1870066"]
[Date "2026.3.3"]
[Round "1"]
[White "JUNIOR2"]
[Black "Cerberus"]
[Result "1/2-1/2"]
[WhiteElo "2351"]
[BlackElo "2715"]

1. e4 e5 2. Nf3 Nc6 3. Bb5 a6 4. Ba4 Nf6 5. O-O b5 6. Bb3 Be7 7. Re1 O-O 8. c3
d5 9. exd5 Nxd5 10. Nxe5 Nxe5 11. Rxe5 c6 12. d3 Bd6 13. Re1 Bf5 14. Qf3 Qh4 15.
g3 Qh3 16. Be3 Bxd3 17. Nd2 Qf5 18. Bd4 Rfe8 19. a4 h6 20. h4 Rxe1+ 21. Rxe1 Rd8
22. Qxf5 Bxf5 23. Ne4 Bxe4 24. Rxe4 bxa4 25. Bxa4 c5 26. Be5 Nb6 27. Bc2 Kf8 28.
Bxd6+ 1/2-1/2

[Event "AUTO-ELITE-2613"]
[Site "http://www.queenalice.com/game.php?id=1870345"]
[Date "2026.3.12"]
[Round "1"]
[White "JUNIOR2"]
[Black "trompmaster"]
[Result "1-0"]
[WhiteElo "2415"]
[BlackElo "2488"]

1. e4 d6 2. d4 Nf6 3. Nc3 Nbd7 4. f4 e5 5. Nf3 exd4 6. Qxd4 c6 7. Bd2 d5 8.
O-O-O Bc5 9. Qd3 O-O 10. exd5 Qc7 11. Ng5 Bd6 12. dxc6 bxc6 13. Qf3 Nc5 14. Nge4
Nfxe4 15. Nxe4 Nxe4 16. Qxe4 Bd7 17. Bc4 Rae8 18. Qf3 Be6 19. Bxe6 fxe6 20. g3
e5 21. Qb3+ Kh8 22. fxe5 Bxe5 23. Bc3 Qb6 24. Rhe1 Qxb3 25. cxb3 Bxc3 26. bxc3
Rxe1 27. Rxe1 h5 28. Re5 Rf1+ 29. Kd2 Rf2+ 30. Re2 Rf3 31. b4 Kg8 32. Kc2 Kf7
33. Kb3 Rf5 34. Ka4 g5 35. c4 h4 36. gxh4 gxh4 37. c5 h3 38. a3 Rf3 39. Rd2 Kg6
40. Rd6+ Kg5 41. Rxc6 Rf2 42. Ra6 Rxh2 43. Rxa7 Rh1 44. Rh7 h2 45. c6 Kg6 46. c7
Rc1 47. Rxh2 Rxc7 48. b5 Rc8 49. Kb4 Rc1 50. b6 Kf6 51. Rb2 Rc8 52. b7 Rb8 53.
Kc5 Ke7 54. Kc6 Kd8 55. Kd6 1-0

[Event "AUTO-ELITE-2613"]
[Site "http://www.queenalice.com/game.php?id=1870346"]
[Date "2026.3.12"]
[Round "1"]
[White "trompmaster"]
[Black "JUNIOR2"]
[Result "1-0"]
[WhiteElo "2494"]
[BlackElo "2359"]

1. Nf3 d5 2. d4 Nf6 3. g3 Bf5 4. Bg2 e6 5. c4 c6 6. Nc3 Be7 7. Qb3 Qb6 8. c5
Qxb3 9. axb3 h6 10. h3 Nbd7 11. b4 a6 12. O-O Ne4 13. g4 Bh7 14. Bf4 O-O 15.
Nxe4 Bxe4 16. Ne5 Bh7 17. Nxd7 1-0

[Event "AUTO-ELITE-2613"]
[Site "http://www.queenalice.com/game.php?id=1870347"]
[Date "2026.3.12"]
[Round "1"]
[White "JUNIOR2"]
[Black "Sexxy_Bunny"]
[Result "1/2-1/2"]
[WhiteElo "2388"]
[BlackElo "2659"]

1. e4 e6 2. d4 d5 3. Nc3 Nf6 4. e5 Nfd7 5. f4 c5 6. Nf3 Nc6 7. Be3 a6 8. Ne2 Qb6
9. Qc1 Be7 10. c3 O-O 11. h4 f6 12. h5 h6 13. Rh3 Rf7 14. Rg3 Qa5 15. Qd2 Nb6
16. b3 Nd7 17. f5 Nf8 18. Bxh6 cxd4 19. exf6 Bxf6 20. cxd4 Qxd2+ 21. Kxd2 e5 22.
Nc3 Nxd4 23. Nxd4 exd4 24. Nxd5 Bh4 25. Rg4 Bd8 26. Bd3 Kh8 27. Bg5 Bxf5 28.
Bxf5 Rxf5 29. Bxd8 Rxd8 30. Nf4 Re8 31. Rc1 Nd7 32. h6 g5 33. Nd3 Rd5 34. Rc4
Ne5 35. Rcxd4 Red8 36. Rxd5 Rxd5 37. Rg3 Kh7 38. Re3 Nd7 39. Kc3 Kxh6 40. Kb4
Rd4+ 41. Kc3 Rg4 42. Re6+ Kh5 43. Ne1 Nc5 44. Re7 Kh4 45. Re3 Kh5 46. Re7 b6 47.
Re8 Kh4 48. Rb8 b5 49. Re8 b4+ 50. Kd2 Re4 51. Nf3+ Kg4 52. Rxe4+ Nxe4+ 53. Kd3
Nd6 54. Kd4 a5 55. Kc5 1/2-1/2

[Event "AUTO-ELITE-2613"]
[Site "http://www.queenalice.com/game.php?id=1870348"]
[Date "2026.3.12"]
[Round "1"]
[White "Sexxy_Bunny"]
[Black "JUNIOR2"]
[Result "1/2-1/2"]
[WhiteElo "2673"]
[BlackElo "2370"]

1. e4 e6 2. d4 d5 3. Nc3 Bb4 4. e5 c5 5. a3 Bxc3+ 6. bxc3 Ne7 7. Qg4 O-O 8. Bd3
f5 9. exf6 Rxf6 10. Bg5 Rf7 11. Qh5 g6 12. Qd1 Nbc6 13. Nf3 c4 14. Be2 Qa5 15.
Bd2 Nf5 16. O-O Bd7 17. Re1 Re8 18. Bf1 Ref8 19. a4 h6 20. Ne5 Nxe5 21. Rxe5 Qd8
22. a5 g5 23. Bc1 Rf6 24. Be2 Ng7 25. f3 Nf5 26. f4 gxf4 27. Bxf4 Nxd4 28. Qxd4
Rxf4 29. Qxa7 Qf6 30. Re3 Bc6 31. Qc5 Ba4 32. Bf3 Qg5 33. Kh1 Bxc2 34. Rxe6 Be4
35. Rg1 Rxf3 36. Rxe4 Rxc3 37. Ree1 Rd3 38. Rgf1 Rxf1+ 39. Rxf1 Kh7 40. Rf7+ Kg6
41. Rf1 Kh7 42. Qf8 Qg7 43. Qf5+ Qg6 44. Qd7+ Qg7 45. Qf5+ Qg6 46. Qd7+ Qg7
1/2-1/2

[Event "AUTO-ELITE-2614"]
[Site "http://www.queenalice.com/game.php?id=1870545"]
[Date "2026.3.13"]
[Round "1"]
[White "JailtonMaster"]
[Black "JUNIOR2"]
[Result "0-1"]
[WhiteElo "2103"]
[BlackElo "2366"]

1. d4 Nf6 2. c4 e6 3. Nc3 Bb4 4. Nf3 O-O 5. Bg5 c5 6. e3 cxd4 7. exd4 d5 8. Bd3
dxc4 9. Bxc4 a6 10. O-O b5 11. Bd3 Bb7 12. a3 Be7 13. Re1 Nbd7 14. Qc2 Bxf3 15.
gxf3 Nh5 16. Bxh7+ Kh8 17. Bxe7 Qxe7 18. Bd3 Nf4 19. Kh1 Qh4 20. Rg1 Nf6 21. Ne4
Rad8 22. Nxf6 Qxf6 23. Rg4 Rxd4 24. Be4 Rfd8 25. Rag1 g6 26. Qc1 Rd2 27. Qc7 Nh3
28. Rh4+ Qxh4 0-1

[Event "AUTO-ELITE-2614"]
[Site "http://www.queenalice.com/game.php?id=1870546"]
[Date "2026.3.13"]
[Round "1"]
[White "JUNIOR2"]
[Black "JailtonMaster"]
[Result "1-0"]
[WhiteElo "2362"]
[BlackElo "2079"]

1. e4 e5 2. Nf3 Nc6 3. Bb5 a6 4. Ba4 b5 5. Bb3 Nf6 6. O-O Be7 7. Re1 O-O 8. a4
Bb7 9. d3 d5 10. Nbd2 d4 11. Nf1 Na5 12. Nxe5 Nxb3 13. cxb3 c5 14. Ng3 Bd6 15.
Nf3 Re8 16. e5 Bxf3 17. Qxf3 Bxe5 18. axb5 Bxg3 19. Rxe8+ Qxe8 20. fxg3 Ng4 21.
Bf4 Ne3 22. b6 Nc2 23. b7 Rd8 24. Rc1 1-0

[Event "AUTO-ELITE-2614"]
[Site "http://www.queenalice.com/game.php?id=1870551"]
[Date "2026.3.13"]
[Round "1"]
[White "Donidon"]
[Black "JUNIOR2"]
[Result "0-1"]
[WhiteElo "2287"]
[BlackElo "2409"]

1. e4 e6 2. d4 d5 3. exd5 exd5 4. Nf3 Nc6 5. Bb5 Bd6 6. O-O Ne7 7. Bg5 f6 8.
Bxc6+ bxc6 9. Bh4 g5 10. Bg3 h5 11. h4 g4 12. c4 gxf3 13. Qxf3 Bg4 14. Qxf6 Rf8
15. Qg5 Bxg3 16. fxg3 Rxf1+ 17. Kxf1 Qd6 18. Nc3 O-O-O 19. Qf4 Qxf4+ 20. gxf4
dxc4 21. Re1 Nf5 22. Ne2 c5 23. dxc5 Rd2 24. Nc3 Kb7 25. b4 Nxh4 26. Re3 Nxg2
27. Rg3 Nxf4 28. Ke1 Rd3 29. Rxd3 Nxd3+ 30. Kd2 h4 31. a3 h3 32. Ne4 h2 33. Ng3
Nf2 34. Kc3 Ne4+ 0-1

[Event "AUTO-ELITE-2614"]
[Site "http://www.queenalice.com/game.php?id=1870552"]
[Date "2026.3.13"]
[Round "1"]
[White "JUNIOR2"]
[Black "Donidon"]
[Result "1-0"]
[WhiteElo "2403"]
[BlackElo "2283"]

1. e4 e5 2. Nf3 Nc6 3. Bb5 a6 4. Ba4 Nf6 5. O-O b5 6. Bb3 Be7 7. d4 d6 8. dxe5
dxe5 9. Qxd8+ Bxd8 10. a4 Bb7 11. axb5 axb5 12. Rxa8 Bxa8 13. Re1 O-O 14. Nc3 b4
15. Nd5 Nxe4 16. Rxe4 Kh8 17. Nxe5 Nxe5 18. Rxe5 Bf6 19. Nxf6 gxf6 20. Bh6 fxe5
21. Bxf8 Kg8 22. Bxb4 Kg7 23. Bc3 f6 24. f4 exf4 25. Ba5 c6 26. Bc7 f3 27. gxf3
f5 28. f4 c5 29. Bd6 Kf6 30. Bxc5 h5 31. Bd4+ 1-0

[Event "AUTO-ELITE-2621"]
[Site "http://www.queenalice.com/game.php?id=1873294"]
[Date "2026.5.12"]
[Round "1"]
[White "JUNIOR2"]
[Black "Donidon"]
[Result "1-0"]
[WhiteElo "2424"]
[BlackElo "2299"]

1. d4 Nf6 2. c4 b6 3. Nc3 Bb7 4. Qc2 d5 5. cxd5 Nxd5 6. e4 Nxc3 7. bxc3 g6 8. h4
h5 9. Nf3 Bg7 10. Ng5 e6 11. Bb5+ c6 12. Bd3 Ba6 13. f4 Bxd3 14. Qxd3 O-O 15. g4
hxg4 16. h5 Re8 17. hxg6 fxg6 18. e5 Qd5 19. Rh7 1-0

[Event "AUTO-ELITE-2621"]
[Site "http://www.queenalice.com/game.php?id=1873299"]
[Date "2026.5.12"]
[Round "1"]
[White "JUNIOR2"]
[Black "trompmaster"]
[Result "1-0"]
[WhiteElo "2431"]
[BlackElo "2465"]

1. d4 Nf6 2. c4 g6 3. Nc3 Bg7 4. e4 d6 5. Nf3 O-O 6. Be2 e5 7. O-O Nc6 8. d5 Ne7
9. b4 a5 10. bxa5 Rxa5 11. a4 b6 12. Nd2 Ra8 13. Nb3 Bd7 14. Be3 c5 15. dxc6
Bxc6 16. Qc2 Nh5 17. Bxh5 gxh5 18. Nd2 f5 19. f3 f4 20. Bf2 Nc8 21. Rfb1 Qd7 22.
Bxb6 Nxb6 23. Rxb6 Bf6 24. Kh1 Bd8 25. Rbb1 Qe6 26. Nb5 Rf7 27. Nb3 Qg6 28. Rd1
Rd7 29. Rd2 Be7 30. Rad1 Rc8 31. Nc5 Bxb5 32. cxb5 Rxc5 33. Qxc5 dxc5 34. Rxd7
Qe8 35. b6 Kf7 36. b7 Qb8 37. a5 c4 38. a6 c3 39. Ra1 c2 40. Rd2 Bc5 41. Rxc2
Ba7 42. Rc8 Qd6 43. Ra8 Qb6 44. Rxa7 Qxa7 45. Rb1 Qb8 46. a7 Qxa7 47. b8=Q 1-0

[Event "AUTO-ELITE-2622"]
[Site "http://www.queenalice.com/game.php?id=1873718"]
[Date "2026.5.21"]
[Round "1"]
[White "arvo1938"]
[Black "JUNIOR2"]
[Result "0-1"]
[WhiteElo "2244"]
[BlackElo "2426"]

1. e4 c5 2. Nf3 d6 3. d4 cxd4 4. Qxd4 Nf6 5. Nc3 Nc6 6. Qd3 g6 7. h3 Bg7 8. Be3
Qa5 9. O-O-O Bd7 10. Qb5 Qc7 11. Qb3 O-O 12. Kb1 b5 13. Nxb5 Qc8 14. Nd2 a6 15.
Nc3 Rb8 16. Qa3 a5 17. Nb3 a4 18. Nd4 Qb7 19. Ndb5 Rfc8 20. Qxa4 Be6 21. Nd5 Ra8
22. Qb3 Nxe4 23. Bd3 Bxd5 24. Qxd5 Ra4 25. Bxe4 Rb4 26. b3 Rxb5 27. Qd2 Ra8 28.
Bd4 Rxa2 29. Bxg7 Rxb3+ 30. cxb3 Rxd2 31. Rxd2 Kxg7 32. Kb2 Qb4 33. Rhd1 Qxe4
34. f3 Qe5+ 35. Ka3 Na7 36. Rd5 Qc3 37. h4 h6 38. R1d3 Qa1+ 39. Kb4 Nc6+ 40. Kc4
Qf1 41. g4 Qc1+ 0-1

[Event "AUTO-ELITE-2622"]
[Site "http://www.queenalice.com/game.php?id=1873719"]
[Date "2026.5.21"]
[Round "1"]
[White "JUNIOR2"]
[Black "arvo1938"]
[Result "1-0"]
[WhiteElo "2430"]
[BlackElo "2237"]

1. e4 c5 2. Nf3 d6 3. d4 cxd4 4. Nxd4 a6 5. c4 e5 6. Nc2 Nf6 7. Nc3 Be7 8. Be3
Be6 9. Nd5 Nxe4 10. Bb6 Qc8 11. Nc7+ Kf8 12. Nxa8 Nd7 13. Bd3 Nef6 14. O-O Qxa8
15. Be3 h6 16. Rc1 g6 17. f4 h5 18. f5 Bxf5 19. Bxf5 gxf5 20. Rxf5 b6 21. Bg5
Qe4 22. Ne3 Rg8 23. Qd2 Ke8 24. Rcf1 Rg6 25. Bxf6 Nxf6 26. Nd5 Nxd5 27. cxd5 f6
28. Rxh5 Rg8 29. Kh1 Kd7 30. Rc1 Bd8 31. Qc2 Qxc2 32. Rxc2 Rg4 33. Rh7+ Be7 34.
h4 Rd4 35. h5 Rd1+ 36. Kh2 Rxd5 37. h6 e4 38. g4 e3 39. Rc7+ Kxc7 40. Rxe7+ Kd8
41. Rxe3 Rd2+ 42. Kg3 1-0

[Event "AUTO-ELITE-2614"]
[Site "http://www.queenalice.com/game.php?id=1873989"]
[Date "2026.5.27"]
[Round "2"]
[White "JUNIOR2"]
[Black "Sexxy_Bunny"]
[Result "0-1"]
[WhiteElo "2429"]
[BlackElo "2670"]

1. d4 Nf6 2. c4 e6 3. Nc3 Bb4 4. Nf3 d5 5. Bg5 h6 6. Bh4 dxc4 7. e3 b5 8. Be2
Bb7 9. O-O a6 10. a4 c6 11. Ne5 Nbd7 12. Qc2 Be7 13. Rfd1 O-O 14. Bg3 Qc8 15.
Nxd7 Qxd7 16. Bf3 Rfd8 17. h3 Qc8 18. Qe2 b4 19. Ne4 c5 20. Nxf6+ Bxf6 21. Bxb7
Qxb7 22. dxc5 c3 23. bxc3 Bxc3 24. Rab1 Qc6 25. Bd6 Qxa4 26. c6 Qxc6 27. Bxb4
Rxd1+ 28. Qxd1 Bf6 29. Ba5 Rc8 30. Qd3 Be5 0-1

[Event "AUTO-ELITE-2614"]
[Site "http://www.queenalice.com/game.php?id=1873990"]
[Date "2026.5.27"]
[Round "2"]
[White "Sexxy_Bunny"]
[Black "JUNIOR2"]
[Result "1-0"]
[WhiteElo "2668"]
[BlackElo "2434"]

1. e4 c5 2. Nf3 d6 3. d4 cxd4 4. Nxd4 Nf6 5. Nc3 a6 6. Be3 e5 7. Nb3 Be7 8. Be2
O-O 9. O-O Be6 10. Qd2 Nbd7 11. a4 Rc8 12. a5 Ng4 13. Bxg4 Bxg4 14. Nc1 Be6 15.
f3 f5 16. exf5 Bxf5 17. Qd5+ Kh8 18. Qxb7 Be6 19. Nd3 Rc7 20. Qxa6 Bc4 21. Nb5
Qb8 22. Nxc7 Bxa6 23. Nxa6 Qb5 24. Nab4 d5 25. c3 e4 26. fxe4 Rxf1+ 27. Rxf1
dxe4 28. Nf2 Nb8 29. a6 Nxa6 30. Nxa6 Qxa6 31. Re1 Qb7 32. Re2 Qb5 33. Kf1 Qa4
34. g3 Bf6 35. Bc5 e3 36. Bxe3 h6 37. Bc5 Qa1+ 38. Kg2 h5 39. Ne4 Qa6 40. Kf3
Qd3+ 41. Be3 h4 42. Nxf6 gxf6 43. Rd2 Qf1+ 44. Rf2 Qd3 45. Kf4 hxg3 46. hxg3 f5
47. Bd4+ Kg8 48. b4 Kf8 49. g4 Ke7 50. gxf5 1-0